[Event "Konnerud GP"]
[Site "Konnerud"]
[Date "2017.11.19"]
[Round "4"]
[White "Andreassen, Vidar"]
[Black "Stokke, Jan"]
[Result "1/2-1/2"]
[WhiteElo "1695"]
[BlackElo "1824"]
[PlyCount "138"]
[EventDate "2017.11.18"]
[EventType "swiss"]
[EventRounds "5"]
[EventCountry "NOR"]
[SourceTitle "EXT 2024"]
[Source "ChessBase"]
[SourceDate "2023.10.10"]
[SourceVersion "1"]
[SourceVersionDate "2023.10.10"]
[SourceQuality "1"]

1. c4 e6 2. g3 c5 3. e3 Nf6 4. Bg2 Nc6 5. Ne2 d5 6. cxd5 exd5 7. d4 Bg4 8. Nbc3 cxd4 9. exd4 Bb4 10. a3 Bxc3+ 11. bxc3 0-0 12. 0-0 Re8 13. Re1 h6 14. Qd3 Qd7 15. Be3 Na5 16. Nf4 Bf5 17. Qd1 Nc4 18. Nd3 Nxe3 19. Rxe3 Rxe3 20. fxe3 Ne4 21. Ne5 Qe6 22. Qb3 Rc8 23. Rc1 b6 24. Qb2 Nd6 25. Qe2 f6 26. Nd3 g5 27. Nf2 Kg7 28. g4 Bg6 29. h3 b5 30. Nd1 a6 31. a4 Re8 32. axb5 axb5 33. Ra1 Nc4 34. Kf2 Re7 35. Ra8 Qd6 36. Qa2 h5 37. Ra7 h4 38. Rxe7+ Qxe7 39. Bxd5 Qc7 40. Bxc4 Qg3+ 41. Kf1 bxc4 42. Nf2 Qxe3 43. Qxc4 Bf7 44. Qc6 Qf4 45. Ke2 Qc1 46. d5 Qb2+ 47. Kf1 Qa1+ 48. Kg2 Qa2 49. c4 Qb3 50. Qc7 Kg6 51. Qc6 Qg3+ 52. Kf1 Qb3 53. Qc5 Qb1+ 54. Kg2 Qb3 55. Qd4 Kg7 56. Ne4 Qc2+ 57. Kf3 Qb3+ 58. Nc3 Qc2 59. d6 Qh2 60. Ne4 Qxh3+ 61. Kf2 Qh2+ 62. Ke1 Qh1+ 63. Kd2 Qg2+ 64. Nf2 Be6 65. d7 Bxd7 66. Qxd7+ Kh6 67. Qf5 Kg7 68. Ke3 Qc6 69. c5 Qa4 1/2-1/2

[Event "Konnerud GP"]
[Site "Konnerud"]
[Date "2017.11.18"]
[Round "3"]
[White "Klausen, Truls Skauge"]
[Black "Andreassen, Vidar"]
[Result "1-0"]
[WhiteElo "1754"]
[BlackElo "1695"]
[PlyCount "55"]
[EventDate "2017.11.18"]
[EventType "swiss"]
[EventRounds "5"]
[EventCountry "NOR"]
[SourceTitle "EXT 2024"]
[Source "ChessBase"]
[SourceDate "2023.10.10"]
[SourceVersion "1"]
[SourceVersionDate "2023.10.10"]
[SourceQuality "1"]

1. e4 e5 2. Nf3 Nc6 3. d4 exd4 4. c3 dxc3 5. Bc4 d6 6. Nxc3 h6 7. 0-0 Be6 8. Bxe6 fxe6 9. Re1 e5 10. Qb3 Qc8 11. Be3 Nge7 12. Nd5 b6 13. Nh4 Nxd5 14. exd5 Ne7 15. Qd1 Rg8 16. f4 exf4 17. Bf2 g5 18. Qh5+ Kd8 19. Qf7 Qd7 20. Rxe7 Qxe7 21. Qxg8 Qg7 22. Qe6 Qe7 23. Qxe7+ Kxe7 24. Nf5+ Kf6 25. Nd4 a6 26. Re1 Bg7 27. Ne6 Rc8 28. Bd4+ 1-0

[Event "Stjernen CC-ch A"]
[Site "Oslo"]
[Date "2017.02.28"]
[Round "3"]
[White "Ryen, Thomas Ager"]
[Black "Andreassen, Vidar"]
[Result "1/2-1/2"]
[WhiteElo "1647"]
[BlackElo "1696"]
[PlyCount "61"]
[EventDate "2017.02.07"]
[EventType "swiss"]
[EventRounds "9"]
[EventCountry "NOR"]
[SourceTitle "EXT 2024"]
[Source "ChessBase"]
[SourceDate "2023.10.10"]
[SourceVersion "1"]
[SourceVersionDate "2023.10.10"]
[SourceQuality "1"]

1. e4 e5 2. Nf3 Nc6 3. d4 exd4 4. Bc4 d6 5. Nxd4 Ne5 6. Bb3 Be7 7. 0-0 c5 8. Ba4+ Bd7 9. Bxd7+ Qxd7 10. Nf5 Bf6 11. Nxd6+ Ke7 12. Nf5+ Ke8 13. Nc3 g6 14. Ne3 h5 15. Ncd5 Bg7 16. f4 Nc6 17. c3 Nge7 18. Qf3 Kf8 19. Rd1 Rd8 20. Bd2 f5 21. Nxe7 Nxe7 22. e5 Qc6 23. Qxc6 Nxc6 24. Nc4 Ke7 25. Be3 b6 26. Rd6 Rxd6 27. Nxd6 Rd8 28. Bf2 Ke6 29. Bh4 Rd7 30. Kf2 Bf8 31. Rd1 1/2-1/2